000 00379nam a2200145Ia 4500
008 240624s9999 xx 000 0 und d
041 _aeng
082 _a330 MEL
100 _aMELVIN MICHAEL
245 _aPRINCIPLES OF ECONOMICS
250 _a(8th ed.)
260 _c2011
_aAustralia
_bSouth-Western Cengage Learning
300 _axxxix, : 804 : p. : cm. ; 27
365 _c
_b25
999 _c16782
_d16782